000 00457nam a2200157Ia 4500
008 240729s9999 xx 000 0 und d
022 _a2414-9772
245 0 _aCentral Asian Journal of Medical Sciences
260 _aMongolia
260 _bMongolian National University of Medical Sciences
650 _a Medicine (General)
650 _aMedicine
856 _uhttps://doaj.org/toc/cd666e3f15424156bdece5e225302d31
942 _2ddc
942 _cDOAJEJ
999 _c74749
_d74749
945 _a1
_bMadushi Gamage
_c1
_dMadushi Gamage